000
00302nam a22001337a 4500
008
170130b xxu||||| |||| 00| 0 eng d
020
_a
9781899066551
041
_a
eng
080
_a
61
100
_a
3
101
_a
SHMI
245
_a
HEADACHE IN CLINICAL PRACTICE
_c
SILBERSTEIN, S.D
942
_2
udc
_c
BK
999
_c
3980
_d
3980